000 01131nam a2200289 c 4500
003 BLK
005 20190913121245.0
008 180911b bul|||||r ||||||| ||bul||
010 _a003306
040 _aBLK
041 _aDEU
080 _aГьоте, Йохан
_x92
_z830.01830.09830(092)92
100 1 _aKINDERMANN, Heinz
_eпърви автор
245 0 0 _aGoethes Menschengestaltung
_nBd. 1
246 _aVersuch einer literarhistorischen Anthropologie : Bd. 1-
_iDer junge Goethe : Mit einer Einfuhrung in die Aufgaben der literarhistorischen Anthropologie
260 _aBerlin
_bJunker und Dunnhaupt
_c1932
_g1932
300 _aXIV, 341 с
_c23 см
380 _a82
490 _aЧастна колекция - Академик Михаил Арнаудов
_gДарение - Основен фонд
505 _tDer junge Goethe : Mit einer Einfuhrung in die Aufgaben der literarhistorischen Anthropologie
650 _aБиографии
650 _aПисатели
655 _aЛитературознание
700 1 _aHeinz Kindermann
852 _aМА 1297
942 _cKNG
_n0
944 _aCR
_c1996
_kValK
999 _c343645
_d343645